000 00625nam a2200229Ia 4500
003 OSt
005 20221007075012.0
006 a|||||r|||| 00| 0
007 ta
008 221006b |||||||| |||| 00| 0 eng d
024 _a9,100
037 _cTextual
040 _aFLL
_cFLL
_beng
041 _2eng
_aeng
082 _aY:451263p2,N81, M1
100 _aMarla Sarma Au.
_9693397
245 0 _aBonded labour in india
260 _aNew Delhi
_bBiblia impex private ltd. India
_c1981
300 _a227p
_ccm.
942 _hY:451263p2,N81, M1
_cTEXL
_2CC
999 _c1154456
_d1154456